El niño Sanromá (Registro nro. 31546)

Detalles MARC
000 -LEADER
campo de control de longitud fija 00767nam a2200229 i 4500
001 - NÚMERO DE CONTROL
campo de control 31546
003 - IDENTIFICADOR DE NÚMERO DE CONTROL
campo de control ES-MaACL
005 - FECHA Y HORA DE LA ÚLTIMA TRANSACCIÓN
campo de control 20230906154412.0
007 - CAMPO FIJO DE DESCRIPCIÓN FÍSICA--INFORMACIÓN GENERAL
campo de control de longitud fija t|
008 - DATOS DE LONGITUD FIJA--INFORMACIÓN GENERAL
campo de control de longitud fija 030129s1952 pr |||| |bspa d
080 ## - NÚMERO DE LA CLASIFICACIÓN DECIMAL UNIVERSAL
Número de la Clasificación Decimal Universal 929Sanroma, Jesús María
100 1# - ENTRADA PRINCIPAL--NOMBRE DE PERSONA
Nombre de persona Belaval, Emilio S.
9 (RLIN) 27129
245 13 - MENCIÓN DEL TÍTULO
Título El niño Sanromá
Resto del título : biografía mínima /
Mención de responsabilidad, etc. Emilio S. Belaval.
260 ## - PUBLICACIÓN, DISTRIBUCIÓN, ETC.
Lugar de publicación, distribución, etc. San Juan de Puerto Rico :
Nombre del editor, distribuidor, etc. Biblioteca de Autores Puertorriqueños,
Fecha de publicación, distribución, etc. 1952] (
Fabricante Imp. Radio)
300 ## - DESCRIPCIÓN FÍSICA
Extensión 69 p. ;
Dimensiones 17 cm.
490 1# - MENCIÓN DE SERIE
Mención de serie Biblioteca de autores puertorriqueños
600 14 - PUNTO DE ACCESO ADICIONAL DE MATERIA--NOMBRE DE PERSONA
Nombre de persona Sanroma, Jesús María
Títulos y otros términos asociados al nombre int.
9 (RLIN) 150739
830 0# - PUNTO DE ACCESO ADICIONAL DE SERIE-TÍTULO UNIFORME
Título uniforme Biblioteca de autores puertorriqueños
9 (RLIN) 181221
852 ## - LOCALIZACIÓN
Ubicación ES-MaACL
Número de control de estantería 1945-F-16
852 ## - LOCALIZACIÓN
Ubicación ES-MaACL
Número de control de estantería C-19525
Existencias
Estatus retirado Estado de pérdida Estado de daño No para préstamo Biblioteca de origen Biblioteca actual Ubicación en estantería Fecha de adquisición Fuente de adquisición Total de préstamos Signatura topográfica completa Código de barras Visto por última vez Precio de reemplazo Tipo de ítem Koha Colección
        Biblioteca del Ateneo de Madrid Biblioteca del Ateneo de Madrid Galería 25/06/2012     C-19525 1189863 23/02/2023 23/02/2023 Libro impreso  
        Biblioteca del Ateneo de Madrid Biblioteca del Ateneo de Madrid Depósito folletos 17/01/2008     1945-F-16 1032601 23/02/2023 23/02/2023 Folleto Colección de folletos